[Event "zonal 14"]
[Site "Espoo FIN"]
[Date "1989.??.??"]
[Round "?"]
[White "Yrjola, Jouni"]
[Black "Petursson, Margeir"]
[Result "1/2-1/2"]
[WhiteElo "2460"]
[BlackElo "2590"]
[EventDate "1989.07.??"]
[PlyCount "77"]

1.d4 Nf6 2.c4 e6 3.Nc3 Bb4 4.Qc2 c5 5.dxc5 Bxc5 6.Nf3 Nc6 7.Bg5 Qa5 8.e3 
Bb4 9.Bd3 Ne5 10.Nxe5 Qxe5 11.Bf4 Bxc3+ 12.Qxc3 Qxc3+ 13.bxc3 b6 14.c5 
bxc5 15.Bd6 Bb7 16.f3 Nd5 17.Kd2 Rc8 18.Rhb1 Nb6 19.a4 c4 20.Bc2 Ra8 21.
Bc5 Bc6 22.a5 Nc8 23.Ba4 Ne7 24.a6 d6 25.Bxa7 O-O 26.Bxc6 Nxc6 27.Bb6 Rfb8
28.e4 Kf8 29.Kc2 Ke7 30.a7 Rb7 31.Bf2 Rc7 32.Ra4 Kd7 33.Rxc4 d5 34.exd5 
exd5 35.Ra4 d4 36.Bg3 Rcxa7 37.Rxa7+ Rxa7 38.cxd4 Nxd4+ 39.Kc3 1/2-1/2

[Event "zonal 14"]
[Site "Espoo FIN"]
[Date "1989.??.??"]
[Round "?"]
[White "Yrjola, Jouni"]
[Black "Tisdall, Jonathan"]
[Result "1-0"]
[WhiteElo "2460"]
[BlackElo "2465"]
[EventDate "1989.07.??"]
[PlyCount "81"]

1.d4 Nf6 2.c4 e6 3.Nc3 Bb4 4.Qc2 c5 5.dxc5 Bxc5 6.Bf4 Nc6 7.Nf3 d5 8.e3 
O-O 9.a3 Qa5 10.Nd2 Be7 11.Be2 e5 12.Bg3 d4 13.Nb3 Qb6 14.exd4 Nxd4 15.
Nxd4 exd4 16.Na4 Qa5+ 17.b4 Bf5 18.Qb3 Qa6 19.O-O Ne4 20.Rad1 Rad8 21.Bd3 
Qg6 22.Rfe1 Rfe8 23.Qc2 Nxg3 24.hxg3 Bxd3 25.Qxd3 Qc6 26.Nb2 a5 27.Qb3 
axb4 28.axb4 Bf6 29.Nd3 h5 30.b5 Qb6 31.Qb4 g6 32.c5 Qc7 33.Qc4 Kg7 34.c6 
bxc6 35.bxc6 Rxe1+ 36.Rxe1 h4 37.gxh4 Bxh4 38.Rb1 Rd6 39.Rb7 Qxc6 40.Qxf7+
Kh6 41.Qf8+ 1-0

[Event "zonal 14"]
[Site "Espoo FIN"]
[Date "1989.??.??"]
[Round "?"]
[White "Yrjola, Jouni"]
[Black "Wedberg, Tom"]
[Result "1/2-1/2"]
[WhiteElo "2460"]
[BlackElo "2515"]
[EventDate "1989.07.??"]
[PlyCount "48"]

1.d4 Nf6 2.c4 e6 3.Nc3 d5 4.cxd5 exd5 5.Bg5 Be7 6.e3 c6 7.Bd3 Nbd7 8.Nge2 
O-O 9.Qc2 Re8 10.O-O Nf8 11.Rab1 Be6 12.b4 Rc8 13.b5 c5 14.dxc5 Bxc5 15.
Qa4 h6 16.Bh4 N8d7 17.Rfd1 Bd6 18.Bg3 Bxg3 19.hxg3 Nc5 20.Qd4 Nxd3 21.Qxd3
Qa5 22.Qd2 Kf8 23.Rdc1 Bf5 24.Ra1 Qd8 1/2-1/2